000 00771nam a22002657a 4500
001 BR7400927
003 BR-BrBNA
005 20230928084538.0
007 ta
008 230509b bl.||||| |||| 00| 0 por d
040 _aBR-BrBNA
_bpor
_cBiblioteca Nacional de Agricultura
041 _a(Por)
072 _aB50
_b0430
_b/G514
090 _ 0430 BR7400927
100 1 _aCarvalho, D. de
111 1 _aConferencia Algodoeira
_cRio de Janeiro, GB (Brazil)
_d1 Jun 1916
245 1 _aNoticia historica sobre o algodao em Minas Gerais [Brasil]
260 3 _aRio de Janeiro, GB (Brasil):
_bJornal do Commercio,
_c1916.
300 _a54 p.
650 _aHISTORIA
650 _aALGODAO
650 _aMINAS GERAIS
909 _a202309
_bLucia
_c55
_dLucia Elande
942 _cBK
999 _c19654
_d19654